000 00484nam a22001817a 4500
999 _c188501
_d188501
005 20220525121446.0
010 _aENG-132805
020 _a97893-81703-15-1
_c300.00
035 _aEN-116337
037 _bDBAD/PUB
082 _a882
100 _aBinodini
245 _aCrimson Rainclouds/
_cBinodini
260 _aKolkata
_bThema
_c2012
270 _bKolkata
_a46, Satish Mukherjee Road
_e700026
300 _axviii,v.p
_c22cm(hbk)
942 _2ddc
_cEN
_h882
_mBIN